000 00688nam a2200241Ia 4500
005 20260121112756.0
008 8700 260114s9999 xx 000 0 eng d
020 _a9789812704276
037 _aEBOOK
040 _aCRL
_beng
_cCRL
041 _aeng
_2eng
084 _qCRL
100 _aMezzetti Emilia & Paycha Sylvie
_9963023
245 0 _aEuropean Women in Mathematics, Proceedings of the Tenth General Meeting
260 _bWorld Scientific
260 _bWSPC
260 _c2003
650 _aEconomics & Finance
_9963024
856 _uhttps://www.worldscientific.com/worldscibooks/10.1142/5124#t=toc
942 _cEBOOK
999 _c1546000
_d1546000